Alle Länder mit G - Statistiken

Allgemein
  • Dieses Quiz wurde 232 mal gespielt
  • Das Durchschnittsergebnis liegt bei 7 aus 10
Antwortstatistiken
Nr Antwort % Korrekt
6 Griechenland
89%
4 Ghana
83%
2 Gambia
79%
8 Guinea
79%
3 Georgien
77%
1 Gabun
74%
7 Guatemala
73%
9 Guinea-Bissau
70%
10 Guyana
65%
5 Grenada
61%
Keine übereinstimmenden Quizze gefunden
Verteilung der Resultate
Anzahl Personen mit jedem Resultat
Perzentil nach korrekt beantworteten Fragen
Ihre Resultats-Entwicklung
Sie haben dieses Quiz noch nicht gespielt